| 000 | 00651nam a2200229Ia 4500 | ||
|---|---|---|---|
| 003 | OSt | ||
| 005 | 20220918201412.0 | ||
| 006 | a|||||r|||| 00| 0 | ||
| 007 | ta | ||
| 008 | 220917b |||||||| |||| 00| 0 eng d | ||
| 024 | _a93,691 | ||
| 037 | _cTextual | ||
| 040 |
_aARTS _cARTS _beng |
||
| 041 |
_2eng _aeng |
||
| 082 | _aV2aN80<-M85, M1.1 (BB) | ||
| 100 |
_aRana M S _998585 |
||
| 245 | 0 |
_aIndian government and politics _b a bibliographical study 1885-1980 |
|
| 260 |
_aNew Delhi _bWiley Eastern Ltd. _c1981 |
||
| 650 | _aHISTORY | ||
| 942 |
_hV2aN80<-M85, M1.1 (BB) _cTEXL _2CC |
||
| 999 |
_c217333 _d217333 |
||